Soledad Sevilla (Record no. 10197)

MARC details
000 - LÍDER
campo de control de longitud fija 01503nam a2200241Ia 4500
008 - ELEMENTOS DE DATOS DE LONGITUD FIJA - INFORMACIÓN GENERAL
campo de control de longitud fija 0000002002 usad 0000000000eng00
020 ## - INTERNATIONAL STANDARD BOOK NUMBER
International Standard Book Number 971790205
090 ## - NÚMERO DE LLAMADA DE TIPO LC LOCALMENTE ASIGNADO (OCLC)
Número de clasificación (OCLC) (R) PSP00 S64s
245 10 - TÍTULO DECLARACIÓN
Título Soledad Sevilla
Resto del título : the island of the turtle
Declaración de responsabilidad / essay Ignacio Fernández ; translated George Burland ; photography Miguel Bargollo Morer
260 ## - PUBLICACIÓN, DISTRIBUCIÓN
Lugar de publicación New York : Haim Chanin Fine Arts
Fecha de publicación 2002
300 ## - DESCRIPCIÓN FÍSICA
Alcance 38 p.
Dimensiones / 24 cm.
500 ## - NOTA GENERAL
Nota general Exposición realizada en Haim Chanin Fine Arts, New York, febrero 9 a marzo 30 de 2002 \ Incluye cronología del artista \ Registro auspiciado por la FGAA. Bogotá
501 ## - Con nota
Con nota In our world of snow and flowers = En nuestro mundo de flores y nieve / Ignacio Fernández.
505 ## - NOTA DE CONTENIDO FORMATEADA
Nota sobre el contenido formateado OBRAS : The island of the Turtle No.4. The island of the Turtle No.5. Empty night. The island of the Turtle No.12. The island of the Turtle No.3. The island of the Turtle No.7. The island of the Turtle No.6. The island of the Turtle No.2. The island of the Turtle No.8. The island of the Turtle No.16. The island of the Turtle No.13. The island of the Turtle No.20. The island of the Turtle No.23.
600 00 - ENTRADA DE SUJETO AÑADIDO - NOMBRE PERSONAL
Nombre de la persona SEVILLA, SOLEDAD, 1944/
Subdivisión general TRABAJOS PICTORICOS
650 14 - ENTRADA DE SUJETO AÑADIDO - TÉRMINO TÓPICO
Término tópico o elemento de entrada del nombre geográfico ARTE CONTEMPORANEO ESPAÑOL
650 14 - ENTRADA DE SUJETO AÑADIDO - TÉRMINO TÓPICO
Término tópico o elemento de entrada del nombre geográfico ARTISTAS PLASTICOS ESPAÑOLES EXPOSIONES
650 14 - ENTRADA DE SUJETO AÑADIDO - TÉRMINO TÓPICO
Subdivisión general CATALOGOS
650 14 - ENTRADA DE SUJETO AÑADIDO - TÉRMINO TÓPICO
Subdivisión general EXPOSICIONES
650 14 - ENTRADA DE SUJETO AÑADIDO - TÉRMINO TÓPICO
Término tópico o elemento de entrada del nombre geográfico PINTORES ESPAÑOLES
650 14 - ENTRADA DE SUJETO AÑADIDO - TÉRMINO TÓPICO
Término tópico o elemento de entrada del nombre geográfico PINTURA ESPAÑOLA
700 1# - ENTRADA AGREGADA - NOMBRE PERSONAL
Nombre de la persona Fernández, Ignacio \ Burland, George \ Bargollo Morer, Miguel
Holdings
Estado de retirada Pérdida de estatus Estado dañado No para préstamo Código de recogida Ubicación permanente Ubicación actual Ubicación de las estanterías Fecha de adquisición Número de llamada completo Código de barras Fecha de la última vez que se vio Número de copia Precio efectivo desde Tipo de artículo Koha
        General ArtNexus ArtNexus General 06/09/2022 P-SP-00 S64S 10260 06/09/2022 Ej.1 06/09/2022 Libro

Powered by Koha